000 00333nam a2200145Ia 4500
005 20251222143119.0
008 251222s9999||||xx |||||||||||||| ||spa||
020 _a84-86776-46-5
082 _a336.24/A42
100 _aAliaga Angulo, Eva
245 0 _aEl Sistema Impositivo
250 _a3a.ed.
264 _bCompas
942 _cLIB
999 _c11465
_d11465